[Event "DVM U20w 2018"]
[Site "Osnabrück GER"]
[Date "2018.12.29"]
[Round "5"]
[White "Wiesner, Paula"]
[Black "Miljkovic, Jovana"]
[Result "0-1"]
[Termination "normal"]
[Board "3.1"]
[BlackTitle "WFM"]
[WhiteElo "1966"]
[BlackElo "1993"]
[WhiteClock "00:35:32"]
[BlackClock "00:47:57"]
[WhiteTeam "SC Borussia Lichtenberg"]
[BlackTeam "SV Lingen"]
[PlyCount "50"]
[WhiteFideId "24654019"]
[BlackFideId "958336"]
[EventCountry "GER"]
[EventRounds "7"]
[EventType "team-swiss"]
[EventDate "2018.12.26"]

1. d4 {[%clk 1:30:59]} Nf6 {[%clk 1:30:57]} 2. c4 {[%clk 1:31:24]} e6 {[%clk
1:31:24]} 3. Nc3 {[%clk 1:31:51]} Bb4 {[%clk 1:31:50]} 4. e3 {[%clk 1:32:19]}
O-O {[%clk 1:32:14]} 5. Nge2 {[%clk 1:32:47]} c6 {[%clk 1:32:39]} 6. a3 {[%clk
1:33:07]} Ba5 {[%clk 1:33:04]} 7. b4 {[%clk 1:33:12]} Bc7 {[%clk 1:33:30]} 8.
Ng3 {[%clk 1:31:43]} d6 {[%clk 1:33:34]} 9. Bb2 {[%clk 1:29:53]} a5 {[%clk
1:32:21]} 10. Bd3 {[%clk 1:27:03]} Nbd7 {[%clk 1:30:57]} 11. O-O {[%clk
1:21:00]} e5 {[%clk 1:29:29]} 12. Qc2 {[%clk 1:14:25]} Re8 {[%clk 1:26:55]} 13.
Rad1 {[%clk 1:12:40]} exd4 {[%clk 1:22:11]} 14. exd4 {[%clk 1:12:50]} d5 {[%clk
1:19:19]} 15. cxd5 {[%clk 1:04:14]} cxd5 {[%clk 1:18:49]} 16. Nb5 {[%clk
0:58:10]} Bb8 {[%clk 1:16:42]} 17. bxa5 {[%clk 0:50:25]} Rxa5 {[%clk 1:13:08]}
18. Bc3 {[%clk 0:50:14]} Ra6 {[%clk 1:10:55]} 19. Bb4 {[%clk 0:48:59]} Nf8
{[%clk 1:06:49]} 20. Nf5 {[%clk 0:45:21]} Rc6 {[%clk 0:58:18]} 21. Qb3 {[%clk
0:41:49]} Ne4 {[%clk 0:54:44]} 22. Ne3 {[%clk 0:37:02]} Bxh2+ {[%clk 0:47:48]}
23. Kxh2 {[%clk 0:36:05]} Qh4+ {[%clk 0:47:34]} 24. Kg1 {[%clk 0:36:30]} Rh6
{[%clk 0:47:37]} 25. Rfe1 {[%clk 0:35:32]} Qh1# {[%clk 0:47:57]} 0-1

[Event "DVM U20w 2018"]
[Site "Osnabrück GER"]
[Date "2018.12.29"]
[Round "5"]
[White "Mönster, Madita"]
[Black "Hartmann, Cora"]
[Result "1/2-1/2"]
[Termination "normal"]
[Board "3.2"]
[WhiteElo "1869"]
[BlackElo "1830"]
[WhiteClock "00:05:03"]
[BlackClock "00:00:35"]
[WhiteTeam "SV Lingen"]
[BlackTeam "SC Borussia Lichtenberg"]
[PlyCount "76"]
[WhiteFideId "12947156"]
[BlackFideId "16200764"]
[EventCountry "GER"]
[EventRounds "7"]
[EventType "team-swiss"]
[EventDate "2018.12.26"]

1. e4 {[%clk 1:30:57]} e5 {[%clk 1:30:56]} 2. Nf3 {[%clk 1:31:17]} Nc6 {[%clk
1:31:21]} 3. Bb5 {[%clk 1:31:38]} a6 {[%clk 1:31:45]} 4. Ba4 {[%clk 1:32:02]}
Nf6 {[%clk 1:32:06]} 5. O-O {[%clk 1:32:16]} Be7 {[%clk 1:32:23]} 6. Re1 {[%clk
1:32:34]} b5 {[%clk 1:32:48]} 7. Bb3 {[%clk 1:32:57]} d6 {[%clk 1:33:09]} 8. c3
{[%clk 1:32:54]} O-O {[%clk 1:33:13]} 9. h3 {[%clk 1:33:11]} Na5 {[%clk
1:33:28]} 10. Bc2 {[%clk 1:33:23]} c5 {[%clk 1:33:49]} 11. d4 {[%clk 1:33:29]}
Qc7 {[%clk 1:32:46]} 12. Nbd2 {[%clk 1:33:06]} cxd4 {[%clk 1:28:20]} 13. cxd4
{[%clk 1:33:26]} Bd7 {[%clk 1:23:43]} 14. Nf1 {[%clk 1:22:50]} Rac8 {[%clk
1:19:31]} 15. Bd3 {[%clk 1:21:21]} Nc6 {[%clk 1:14:25]} 16. Be3 {[%clk
1:17:24]} Nb4 {[%clk 0:58:56]} 17. Rc1 {[%clk 1:12:13]} Qb8 {[%clk 0:58:47]}
18. Bb1 {[%clk 1:11:05]} Rxc1 {[%clk 0:47:04]} 19. Qxc1 {[%clk 1:06:50]} Nc6
{[%clk 0:43:32]} 20. Qd2 {[%clk 0:56:55]} d5 {[%clk 0:32:41]} 21. exd5 {[%clk
0:38:45]} Bb4 {[%clk 0:32:35]} 22. Qc2 {[%clk 0:37:54]} Nxd4 {[%clk 0:25:29]}
23. Bxd4 {[%clk 0:36:27]} exd4 {[%clk 0:24:15]} 24. Rd1 {[%clk 0:35:37]} g6
{[%clk 0:20:40]} 25. Rxd4 {[%clk 0:28:53]} Bf5 {[%clk 0:20:20]} 26. Qd1 {[%clk
0:28:45]} Bxb1 {[%clk 0:19:35]} 27. Qxb1 {[%clk 0:29:05]} Bc5 {[%clk 0:19:48]}
28. Rd1 {[%clk 0:28:06]} Qb6 {[%clk 0:17:26]} 29. Rd2 {[%clk 0:25:20]} Rd8
{[%clk 0:14:05]} 30. b4 {[%clk 0:22:26]} Bf8 {[%clk 0:14:13]} 31. Ne3 {[%clk
0:20:50]} Bh6 {[%clk 0:14:24]} 32. Qb3 {[%clk 0:19:20]} Rc8 {[%clk 0:08:30]}
33. Rd1 {[%clk 0:17:58]} Ne4 {[%clk 0:07:21]} 34. Qd3 {[%clk 0:13:36]} f5
{[%clk 0:05:08]} 35. d6 {[%clk 0:09:57]} Rd8 {[%clk 0:02:28]} 36. d7 {[%clk
0:09:08]} Nf6 {[%clk 0:01:31]} 37. Ne5 {[%clk 0:06:33]} Kf8 {[%clk 0:00:38]}
38. Nd5 {[%clk 0:05:03]} Qe6 {[%clk 0:00:35]} 1/2-1/2

[Event "DVM U20w 2018"]
[Site "Osnabrück GER"]
[Date "2018.12.29"]
[Round "5"]
[White "Wagner, Swenja"]
[Black "Möller, Hannah"]
[Result "1-0"]
[Termination "normal"]
[Board "3.3"]
[WhiteElo "1749"]
[BlackElo "1846"]
[WhiteClock "00:57:38"]
[BlackClock "01:22:20"]
[WhiteTeam "SC Borussia Lichtenberg"]
[BlackTeam "SV Lingen"]
[PlyCount "27"]
[WhiteFideId "12900494"]
[BlackFideId "1270514"]
[EventCountry "GER"]
[EventRounds "7"]
[EventType "team-swiss"]
[EventDate "2018.12.26"]

1. e4 {[%clk 1:30:55]} g6 {[%clk 1:30:53]} 2. d4 {[%clk 1:31:11]} Bg7 {[%clk
1:31:17]} 3. f4 {[%clk 1:30:55]} d6 {[%clk 1:31:16]} 4. Nf3 {[%clk 1:31:01]}
Nf6 {[%clk 1:30:43]} 5. Nc3 {[%clk 1:27:25]} O-O {[%clk 1:30:46]} 6. h3 {[%clk
1:24:44]} c6 {[%clk 1:27:10]} 7. Bd3 {[%clk 1:22:41]} Nbd7 {[%clk 1:26:20]} 8.
Be3 {[%clk 1:21:09]} Qc7 {[%clk 1:25:54]} 9. g4 {[%clk 1:10:16]} e5 {[%clk
1:22:21]} 10. dxe5 {[%clk 1:05:58]} dxe5 {[%clk 1:22:45]} 11. f5 {[%clk
1:05:35]} c5 {[%clk 1:22:56]} 12. g5 {[%clk 0:57:32]} Nh5 {[%clk 1:21:55]} 13.
f6 {[%clk 0:57:26]} Bh8 {[%clk 1:22:20]} 14. Nd5 {[%clk 0:57:38]} 1-0

[Event "DVM U20w 2018"]
[Site "Osnabrück GER"]
[Date "2018.12.29"]
[Round "5"]
[White "Schäfer, Leonie"]
[Black "Fricke, Edna Marlene"]
[Result "1-0"]
[Termination "normal"]
[Board "3.4"]
[WhiteElo "1436"]
[BlackElo "1390"]
[WhiteClock "00:05:04"]
[BlackClock "00:01:13"]
[WhiteTeam "SV Lingen"]
[BlackTeam "SC Borussia Lichtenberg"]
[PlyCount "78"]
[WhiteFideId "16241851"]
[BlackFideId "12988839"]
[EventCountry "GER"]
[EventRounds "7"]
[EventType "team-swiss"]
[EventDate "2018.12.26"]

1. Nf3 {[%clk 1:30:58]} c5 {[%clk 1:29:30]} 2. g3 {[%clk 1:31:20]} Nc6 {[%clk
1:29:51]} 3. d4 {[%clk 1:29:41]} cxd4 {[%clk 1:25:37]} 4. Nxd4 {[%clk 1:30:01]}
g6 {[%clk 1:25:35]} 5. Bg2 {[%clk 1:29:41]} Bg7 {[%clk 1:25:58]} 6. c3 {[%clk
1:29:24]} e6 {[%clk 1:16:31]} 7. O-O {[%clk 1:28:27]} Nge7 {[%clk 1:11:37]} 8.
Nb5 {[%clk 1:25:51]} d5 {[%clk 1:04:15]} 9. c4 {[%clk 1:22:54]} O-O {[%clk
0:55:38]} 10. cxd5 {[%clk 1:16:21]} Nxd5 {[%clk 0:51:40]} 11. N1c3 {[%clk
1:13:46]} Nxc3 {[%clk 0:48:42]} 12. Nxc3 {[%clk 1:14:00]} Qb6 {[%clk 0:42:01]}
13. Na4 {[%clk 1:06:31]} Qc7 {[%clk 0:37:00]} 14. Qc2 {[%clk 0:55:21]} e5
{[%clk 0:28:11]} 15. b3 {[%clk 0:48:35]} Be6 {[%clk 0:23:46]} 16. Nc5 {[%clk
0:48:17]} Nd4 {[%clk 0:22:50]} 17. Qe4 {[%clk 0:40:11]} Qxc5 {[%clk 0:19:42]}
18. Bd2 {[%clk 0:32:55]} Qb5 {[%clk 0:15:57]} 19. e3 {[%clk 0:31:05]} Bf5
{[%clk 0:15:05]} 20. Qh4 {[%clk 0:29:49]} Nc6 {[%clk 0:13:53]} 21. Rfc1 {[%clk
0:23:34]} Rac8 {[%clk 0:12:44]} 22. b4 {[%clk 0:22:36]} Rfd8 {[%clk 0:11:54]}
23. Be1 {[%clk 0:18:52]} Qe2 {[%clk 0:09:50]} 24. b5 {[%clk 0:12:46]} Qxb5
{[%clk 0:07:04]} 25. h3 {[%clk 0:11:06]} a5 {[%clk 0:05:06]} 26. g4 {[%clk
0:07:43]} Bd3 {[%clk 0:04:57]} 27. Rc3 {[%clk 0:07:33]} e4 {[%clk 0:05:14]} 28.
Rac1 {[%clk 0:07:28]} Bxc3 {[%clk 0:04:06]} 29. Bxc3 {[%clk 0:07:38]} Ne5
{[%clk 0:03:57]} 30. Qf6 {[%clk 0:06:53]} Rxc3 {[%clk 0:04:09]} 31. Qxd8+
{[%clk 0:07:15]} Kg7 {[%clk 0:04:08]} 32. Rxc3 {[%clk 0:07:40]} Qb1+ {[%clk
0:02:10]} 33. Kh2 {[%clk 0:08:02]} Qxa2 {[%clk 0:01:23]} 34. g5 {[%clk
0:08:08]} Nf3+ {[%clk 0:00:56]} 35. Kg3 {[%clk 0:07:48]} Nxg5 {[%clk 0:01:02]}
36. Qxg5 {[%clk 0:07:35]} Qe6 {[%clk 0:01:17]} 37. Qxa5 {[%clk 0:07:15]} Qd6+
{[%clk 0:00:52]} 38. Kh4 {[%clk 0:05:45]} Qf6+ {[%clk 0:01:01]} 39. Kg3 {[%clk
0:05:04]} Qxc3 {[%clk 0:01:13]} 1-0

[Event "DVM U20w 2018"]
[Site "Osnabrück GER"]
[Date "2018.12.29"]
[Round "5"]
[White "Klenk, Sofie"]
[Black "Simon, Tessa"]
[Result "1/2-1/2"]
[Termination "normal"]
[Board "4.1"]
[WhiteElo "1810"]
[BlackElo "1929"]
[WhiteTeam "SC Bavaria Regensburg"]
[BlackTeam "Muldental Wilkau-Haßlau"]
[PlyCount "130"]
[WhiteFideId "12996653"]
[BlackFideId "12929395"]
[EventCountry "GER"]
[EventRounds "7"]
[EventType "team-swiss"]
[EventDate "2018.12.26"]

1. e4 e5 2. Nf3 Nc6 3. Bc4 Bc5 4. d3 Nf6 5. O-O d6 6. c3 O-O 7. Nbd2 Bb6 8. h3
Ne7 9. Re1 Ng6 10. Nf1 c6 11. Bb3 h6 12. Ng3 Nh7 13. Nf5 Bxf5 14. exf5 Nh4 15.
Nxh4 Qxh4 16. Qf3 Nf6 17. Be3 Bxe3 18. Rxe3 Rfe8 19. Rae1 Re7 20. Qg3 Qh5 21.
Qg6 Kf8 22. Qxh5 Nxh5 23. d4 Rae8 24. dxe5 Rxe5 25. Rxe5 Rxe5 26. Rxe5 dxe5 27.
g3 Ke7 28. Kf1 Nf6 29. Ke2 Ne4 30. Ke3 Nd6 31. g4 Kf6 32. f4 exf4+ 33. Kxf4 g6
34. fxg6 fxg6 35. h4 g5+ 36. hxg5+ hxg5+ 37. Kf3 Ke5 38. Ke3 Ne4 39. Bc2 Nf6
40. Bf5 Nd5+ 41. Kf3 a5 42. Bc8 b5 43. Bd7 Kd6 44. Bf5 c5 45. Ke4 Nf6+ 46. Kf3
Kd5 47. Ke3 Ne8 48. Be4+ Ke5 49. Bd3 Nd6 50. a3 Kd5 51. Kf3 b4 52. axb4 cxb4
53. cxb4 axb4 54. b3 Kd4 55. Bh7 Nf7 56. Bf5 Ne5+ 57. Ke2 Kc3 58. Be6 Nc6 59.
Ke3 Nd4 60. Bf7 Nxb3 61. Ke4 Nd2+ 62. Kf5 Nc4 63. Kxg5 b3 64. Bg6 Ne3 65. Kf4
Nxg4 1/2-1/2

[Event "DVM U20w 2018"]
[Site "Osnabrück GER"]
[Date "2018.12.29"]
[Round "5"]
[White "Moses, Selina"]
[Black "Pavlov, Liliane"]
[Result "1-0"]
[Termination "normal"]
[Board "4.2"]
[WhiteElo "1922"]
[BlackElo "1715"]
[WhiteTeam "Muldental Wilkau-Haßlau"]
[BlackTeam "SC Bavaria Regensburg"]
[PlyCount "103"]
[WhiteFideId "12908070"]
[BlackFideId "16225449"]
[EventCountry "GER"]
[EventRounds "7"]
[EventType "team-swiss"]
[EventDate "2018.12.26"]

1. e4 b6 2. d4 Bb7 3. Bd3 e6 4. Nf3 Nf6 5. Qe2 Be7 6. O-O O-O 7. c3 c5 8. e5
Ne8 9. Nbd2 f5 10. Nb3 cxd4 11. Nfxd4 Nc6 12. Nxc6 Bxc6 13. Nd4 Bb7 14. Qh5 g6
15. Qh6 a6 16. Be2 Rf7 17. Nf3 Bf8 18. Qh3 Bxf3 19. Qxf3 Bg7 20. Bf4 Nc7 21.
Qg3 b5 22. Bg5 Qb8 23. Bf3 Nd5 24. Bxd5 exd5 25. Rfe1 Rf8 26. Qd3 Qb7 27. Rad1
Rfe8 28. Qxd5+ Qxd5 29. Rxd5 h6 30. Bd2 Re7 31. f4 Rd8 32. Be3 Re6 33. Red1 d6
34. Bb6 Rd7 35. Rxd6 Rdxd6 36. Rxd6 Rxd6 37. exd6 Bf6 38. d7 Kf7 39. d8=Q Bxd8
40. Bxd8 Ke6 41. Kf2 Kd5 42. Ke3 Kc4 43. Bf6 a5 44. b3+ Kc5 45. Kd3 Kd5 46. a4
Kc5 47. Be7+ Kc6 48. Bd8 bxa4 49. bxa4 Kd5 50. Bxa5 Kc5 51. Bb4+ Kd5 52. c4+
1-0

[Event "DVM U20w 2018"]
[Site "Osnabrück GER"]
[Date "2018.12.29"]
[Round "5"]
[White "Oberhofer, Marie"]
[Black "Von Jan, Lena"]
[Result "1/2-1/2"]
[Termination "normal"]
[Board "4.3"]
[WhiteElo "1731"]
[BlackElo "1520"]
[WhiteTeam "SC Bavaria Regensburg"]
[BlackTeam "Muldental Wilkau-Haßlau"]
[PlyCount "120"]
[WhiteFideId "12938165"]
[BlackFideId "12946060"]
[EventCountry "GER"]
[EventRounds "7"]
[EventType "team-swiss"]
[EventDate "2018.12.26"]

{[%evp 0,69,30,32,13,13,28,13,8,-2,9,9,20,24,18,-2,22,-19,11,-33,-30,-35,-10,
-7,4,6,9,6,31,-51,-24,-48,-12,-34,-4,-57,-32,-25,-21,-98,3,-19,16,11,28,18,79,
75,108,107,108,67,68,55,76,26,56,0,28,10,16,4,41,8,13,15,24,10,9,14,16,13]} 1.
e4 (1. d4 Nf6 2. Nc3 c5 3. d5) 1... e5 2. Nf3 Nc6 3. Bb5 a6 4. Ba4 Nf6 5. O-O
b5 6. Bb3 Bc5 7. c3 d6 8. d3 h6 9. Nbd2 O-O 10. h3 Bb7 11. Re1 Bb6 12. Nf1 Ne7
13. Ng3 Re8 14. d4 Ng6 15. Bc2 Qd7 16. d5 Rad8 17. b3 c6 18. c4 Rc8 19. Ba3 c5
20. Nf5 b4 21. Bc1 Bd8 22. Nh2 Ra8 23. Ng4 Nxg4 24. Qxg4 Bc8 25. Qh5 Bf6 26.
Qf3 Qd8 27. Kh2 Kf8 28. g4 Nh4 29. Qg3 Nxf5 30. gxf5 Ke7 31. Bd2 Bb7 32. Rad1
Rg8 33. Qf3 Kd7 34. Qh5 Qe7 35. Rf1 Rad8 36. f4 Kc7 37. fxe5 Bxe5+ 38. Bf4
Bxf4+ 39. Rxf4 f6 40. Qf3 Qe5 41. Kh1 Kb8 42. Rg4 Bc8 43. Rdg1 g5 44. R4g2 Rh8
45. Qg3 Qxg3 46. Rxg3 h5 47. R1g2 Rde8 48. Bd3 Bd7 49. a3 a5 50. axb4 axb4 51.
Ra2 Kb7 52. Rg1 Ra8 53. Rga1 Rxa2 54. Rxa2 Ra8 55. Rxa8 Kxa8 56. Be2 Be8 57.
Bf3 Kb7 58. Kg2 h4 59. Kf2 Kc7 60. Ke3 Kd7 1/2-1/2

[Event "DVM U20w 2018"]
[Site "Osnabrück GER"]
[Date "2018.12.29"]
[Round "5"]
[White "Wagner, Julia"]
[Black "Wetzler, Sophia"]
[Result "0-1"]
[Termination "normal"]
[Board "4.4"]
[WhiteElo "1276"]
[BlackElo "1719"]
[WhiteTeam "Muldental Wilkau-Haßlau"]
[BlackTeam "SC Bavaria Regensburg"]
[PlyCount "58"]
[WhiteFideId "16259351"]
[BlackFideId "12951960"]
[EventCountry "GER"]
[EventRounds "7"]
[EventType "team-swiss"]
[EventDate "2018.12.26"]

1. e4 e5 2. Nf3 Nc6 3. Bc4 d6 4. d3 Be7 5. h3 Nf6 6. O-O Be6 7. Bb3 Qd7 8. Be3
h6 9. Nc3 g5 10. Nh2 O-O-O 11. d4 exd4 12. Bxd4 Rhg8 13. Re1 Qe8 14. Nd5 Nd7
15. Bc3 Nde5 16. Qe2 g4 17. hxg4 Nxg4 18. Ba4 Bh4 19. g3 Nxf2 20. Kxf2 Rxg3 21.
Rg1 Rxc3+ 22. Kg2 Rg3+ 23. Kh1 Bxd5 24. Rxg3 Qxe4+ 25. Qf3 Bxg3 26. Bxc6 Bxc6
27. Qxe4 Bxe4+ 28. Kg1 Be5 29. c3 Rg8+ 1/2-1/2

[Event "DVM U20w 2018"]
[Site "Osnabrück GER"]
[Date "2018.12.29"]
[Round "5"]
[White "Schumann, Rabea"]
[Black "Schiewe, Nadin"]
[Result "1-0"]
[Termination "normal"]
[Board "5.1"]
[WhiteElo "1922"]
[BlackElo "1527"]
[WhiteTeam "SG Güstrow/Teterow"]
[BlackTeam "Leegebrucher SF"]
[PlyCount "101"]
[WhiteFideId "12918199"]
[BlackFideId "16209079"]
[EventCountry "GER"]
[EventRounds "7"]
[EventType "team-swiss"]
[EventDate "2018.12.26"]

1. c4 c5 2. g3 g6 3. Bg2 Bg7 4. e3 e5 5. Nc3 Ne7 6. Nge2 Nbc6 7. O-O O-O 8. d3
d6 9. a3 Be6 10. Nd5 Qd7 11. Nec3 Rab8 12. Rb1 a5 13. Bd2 Bh3 14. Qa4 Bxg2 15.
Kxg2 f5 16. b4 axb4 17. axb4 Rf7 18. b5 Nd8 19. Qa7 Qc8 20. Nb6 Qc7 21. Ncd5
Nxd5 22. Nxd5 Qc8 23. Nb6 Qc7 24. Rb3 Ne6 25. Ra3 f4 26. f3 Bh6 27. Nd5 Qd8 28.
exf4 exf4 29. Qb6 Qxb6 30. Nxb6 Bg7 31. Nd5 fxg3 32. hxg3 Nd4 33. Bc3 Nf5 34.
Bxg7 Kxg7 35. Re1 Nd4 36. Re7 Rxe7 37. Nxe7 Re8 38. Nd5 Re2+ 39. Kf1 Rd2 40.
Ra7 Rxd3 41. Rxb7+ Kh6 42. f4 Rxg3 43. Rd7 Nf5 44. Kf2 Rd3 45. Nf6 Ng7 46. Ng4+
Kh5 47. Nf6+ Kh6 48. Ng8+ Kh5 49. Rxg7 Rd4 50. Nf6+ Kh4 51. Rxh7# 1-0

[Event "DVM U20w 2018"]
[Site "Osnabrück GER"]
[Date "2018.12.29"]
[Round "5"]
[White "Jacoby, Angelina"]
[Black "Jörs, Pia-Milena"]
[Result "0-1"]
[Termination "normal"]
[Board "5.2"]
[WhiteElo "1259"]
[BlackElo "1586"]
[WhiteTeam "Leegebrucher SF"]
[BlackTeam "SG Güstrow/Teterow"]
[PlyCount "36"]
[WhiteFideId "12999008"]
[BlackFideId "12964646"]
[EventCountry "GER"]
[EventRounds "7"]
[EventType "team-swiss"]
[EventDate "2018.12.26"]

1. d4 Nf6 2. Nf3 e6 3. e3 d5 4. Bd3 Nbd7 5. Nbd2 c5 6. c3 Be7 7. O-O O-O 8. e4
dxe4 9. Nxe4 b6 10. Bf4 Bb7 11. Re1 cxd4 12. Nxf6+ Nxf6 13. Nxd4 Bd6 14. Bxd6
Qxd6 15. Nxe6 Qc6 16. Nf4 g5 17. f3 gxf4 18. Re7 Qc5+ 0-1

[Event "DVM U20w 2018"]
[Site "Osnabrück GER"]
[Date "2018.12.29"]
[Round "5"]
[White "Zoll, Cindy"]
[Black "Mylke, Sandy-Michelle"]
[Result "1-0"]
[Termination "normal"]
[Board "5.3"]
[WhiteElo "1342"]
[BlackElo "1188"]
[WhiteTeam "SG Güstrow/Teterow"]
[BlackTeam "Leegebrucher SF"]
[PlyCount "103"]
[WhiteFideId "12964638"]
[BlackFideId "16235045"]
[EventCountry "GER"]
[EventRounds "7"]
[EventType "team-swiss"]
[EventDate "2018.12.26"]

1. f4 e6 2. Nf3 Nf6 3. e3 Be7 4. d4 d5 5. Bd3 Ne4 6. O-O O-O 7. Nbd2 f5 8. Ne5
Nd7 9. Ndf3 c5 10. c3 Ndf6 11. Qe2 Qe8 12. Nd2 Bd7 13. Re1 Bd6 14. Ndf3 Qh5 15.
Nxd7 Nxd7 16. Nd2 Qh6 17. Nxe4 fxe4 18. Bc2 Rf6 19. Bd1 g6 20. g3 Raf8 21. Qg2
R6f7 22. Bg4 Kh8 23. Bxe6 Re7 24. Bxd5 Nf6 25. Bb3 b5 26. Bd2 c4 27. Bc2 a5 28.
b3 g5 29. Re2 gxf4 30. exf4 Qg6 31. Rf1 Rfe8 32. Rfe1 Bc7 33. Bc1 Bb6 34. bxc4
bxc4 35. Ba3 Re6 36. Ba4 Rd8 37. Rf1 Qg4 38. f5 Re5 39. Ref2 e3 40. Rf4 Qg5 41.
Qe2 Re4 42. Bc6 Rxf4 43. Rxf4 Bc7 44. Rf3 Ng4 45. Bc1 Rf8 46. Bxe3 Nxe3 47.
Qxe3 Qxe3+ 48. Rxe3 Rxf5 49. Re8+ Kg7 50. Re7+ Rf7 51. Rxf7+ Kxf7 52. Bd5+ 1-0

[Event "DVM U20w 2018"]
[Site "Osnabrück GER"]
[Date "2018.12.29"]
[Round "5"]
[White "Pietsch, Virginia-Atlanta"]
[Black "Gesell, Myriam"]
[Result "1-0"]
[Termination "normal"]
[Board "5.4"]
[WhiteElo "1240"]
[BlackElo "769"]
[WhiteTeam "Leegebrucher SF"]
[BlackTeam "SG Güstrow/Teterow"]
[PlyCount "121"]
[WhiteFideId "16235053"]
[BlackFideId "16200330"]
[EventCountry "GER"]
[EventRounds "7"]
[EventType "team-swiss"]
[EventDate "2018.12.26"]

{[%evp 0,120,20,20,25,-24,-10,-16,3,-11,31,-18,29,-11,37,-28,23,-54,29,29,63,
44,70,70,104,20,107,78,170,56,78,54,54,36,65,24,27,-17,35,36,41,-6,68,24,40,40,
129,34,52,32,129,118,118,116,179,174,174,174,186,157,232,258,312,200,253,212,
316,189,311,281,341,306,306,253,360,274,369,358,480,459,459,459,502,459,553,
458,464,382,511,433,446,408,517,379,738,808,1001,699,802,867,1036,1033,2007,
2264,29985,29986,29989,29986,29991,29992,29993,29994,29995,29990,29991,29994,
29995,29994,29995,29996,29997,29994,29995]} 1. d4 d5 2. c4 e6 3. Nc3 Nf6 4. Nf3
Nc6 5. Bd2 Be7 6. e3 O-O 7. Qc2 Re8 8. Bd3 dxc4 9. Bxc4 a6 10. a3 Nb8 11. O-O
Nbd7 12. Rae1 Nf8 13. Ne4 b6 14. Bd3 Bb7 15. Nxf6+ Bxf6 16. Be4 Bd5 17. Bxd5
exd5 18. Qf5 Ng6 19. Rc1 Rc8 20. Rc2 Qd6 21. Bb4 Qd8 22. Rfc1 Re4 23. Qh3 a5
24. Be1 Qe8 25. Rxc7 Rxc7 26. Rxc7 Nf8 27. Qc8 Qxc8 28. Rxc8 h6 29. Rc6 Nd7 30.
Rd6 Nf8 31. Rxd5 Re7 32. Rd6 Rc7 33. h3 Rc2 34. Rxb6 Kh7 35. Kf1 a4 36. d5 Rc8
37. d6 Nd7 38. Rb7 Ne5 39. Nxe5 Bxe5 40. d7 Ra8 41. Bc3 Bd6 42. Bd4 Be7 43. Bb6
g5 44. Ke2 Kg6 45. Kd3 Kf5 46. Kd4 f6 47. Kd5 h5 48. g3 g4 49. h4 Kg6 50. Ke6
Rh8 51. Kxe7 Rh7+ 52. Ke6 f5 53. Rb8 Rg7 54. d8=Q Kh6 55. Qf8 Kg6 56. Qxg7+
Kxg7 57. Bd4+ Kg6 58. Ra8 f4 59. exf4 Kh7 60. Rxa4 Kg6 61. b4 1-0

[Event "DVM U20w 2018"]
[Site "Osnabrück GER"]
[Date "2018.12.29"]
[Round "5"]
[White "La, Quynh Trang"]
[Black "Kohl, Natalie"]
[Result "0-1"]
[Termination "normal"]
[Board "6.1"]
[WhiteElo "1583"]
[BlackElo "1474"]
[WhiteTeam "SG Trier"]
[BlackTeam "Meuselwitzer SV"]
[PlyCount "104"]
[WhiteFideId "16275276"]
[BlackFideId "12967408"]
[EventCountry "GER"]
[EventRounds "7"]
[EventType "team-swiss"]
[EventDate "2018.12.26"]

1. Nf3 Nf6 2. d4 e6 3. g3 b6 4. Bg2 Bb7 5. b3 Bb4+ 6. Bd2 Bxd2+ 7. Nbxd2 c5 8.
dxc5 bxc5 9. c4 O-O 10. O-O d6 11. Qc2 Nc6 12. Rad1 Qe7 13. Rfe1 Rfd8 14. e4
Rac8 15. a3 Qc7 16. Nb1 Na5 17. Nc3 a6 18. Rd2 Qb6 19. Rb1 Rb8 20. Ne1 Bc6 21.
Qd1 Ne8 22. Rbb2 Qc7 23. Qe2 Qd7 24. Nd3 Nb7 25. Nf4 Nf6 26. Rd1 Qe8 27. Nh5
Nxh5 28. Qxh5 Na5 29. Rdb1 Qe7 30. Qe2 Qd7 31. Qd2 Qb7 32. Qc2 d5 33. exd5 exd5
34. cxd5 Be8 35. d6 Qa7 36. Qd1 f6 37. Bd5+ Kh8 38. Be6 Bg6 39. Rc1 c4 40. Qd2
Nxb3 41. Rxb3 cxb3 42. Na4 Be8 43. Rc7 Rb7 44. Rxb7 Qxb7 45. Nc5 b2 46. Nxb7
b1=Q+ 47. Kg2 Qxb7+ 48. Kg1 Qc6 49. Bb3 Rxd6 50. Qe2 Qc1+ 51. Kg2 Bc6+ 52. Kh3
Qh6+ 0-1

[Event "DVM U20w 2018"]
[Site "Osnabrück GER"]
[Date "2018.12.29"]
[Round "5"]
[White "Meyer, Jessica"]
[Black "Arndt, Lena"]
[Result "0-1"]
[Termination "normal"]
[Board "6.2"]
[WhiteElo "1383"]
[BlackElo "1767"]
[WhiteTeam "Meuselwitzer SV"]
[BlackTeam "SG Trier"]
[PlyCount "42"]
[WhiteFideId "16230019"]
[BlackFideId "16262476"]
[EventCountry "GER"]
[EventRounds "7"]
[EventType "team-swiss"]
[EventDate "2018.12.26"]

1. e4 e6 2. d4 d5 3. exd5 exd5 4. Nf3 Bd6 5. Be3 Ne7 6. Bd3 Bg4 7. Nbd2 Nd7 8.
c3 c6 9. Qc2 h6 10. h3 Bh5 11. g4 Bg6 12. O-O-O Bxd3 13. Qxd3 Qc7 14. Qc2 O-O-O
15. b4 b5 16. Nb3 Bf4 17. Rde1 Bd6 18. Kb2 Rde8 19. Ra1 Nb6 20. Rae1 Nc4+ 21.
Kb1 Na3+ 0-1

[Event "DVM U20w 2018"]
[Site "Osnabrück GER"]
[Date "2018.12.29"]
[Round "5"]
[White "Elenz, Elisa"]
[Black "Biele, Johanna"]
[Result "1-0"]
[Termination "normal"]
[Board "6.3"]
[WhiteElo "1490"]
[BlackElo "1390"]
[WhiteTeam "SG Trier"]
[BlackTeam "Meuselwitzer SV"]
[PlyCount "57"]
[WhiteFideId "16262492"]
[BlackFideId "16242211"]
[EventCountry "GER"]
[EventRounds "7"]
[EventType "team-swiss"]
[EventDate "2018.12.26"]

1. e4 d5 2. exd5 Qxd5 3. Nc3 Qa5 4. Bc4 Nf6 5. d4 Bf5 6. Nf3 e6 7. Bd2 c6 8.
O-O Qc7 9. h3 Bd6 10. Ne2 Nbd7 11. Qc1 Be4 12. Bf4 Bxf3 13. Bxd6 Qxd6 14. gxf3
O-O-O 15. Ng3 Qxd4 16. Be2 Nb6 17. c3 Qh4 18. Kg2 Nbd5 19. Rh1 Nf4+ 20. Kf1
Nxe2 21. Nxe2 Rd3 22. Qf4 Qxf4 23. Nxf4 Rxf3 24. Ne2 Ne4 25. Rh2 Rd8 26. Ke1
Rfd3 27. a3 Rd1+ 28. Rxd1 Rxd1+ 29. Kxd1 1-0

[Event "DVM U20w 2018"]
[Site "Osnabrück GER"]
[Date "2018.12.29"]
[Round "5"]
[White "Neumann, Tina"]
[Black "Nwatu, Emily"]
[Result "1-0"]
[Termination "normal"]
[Board "6.4"]
[WhiteElo "1501"]
[BlackElo "1036"]
[WhiteTeam "Meuselwitzer SV"]
[BlackTeam "SG Trier"]
[PlyCount "67"]
[WhiteFideId "16212371"]
[BlackFideId "16255321"]
[EventCountry "GER"]
[EventRounds "7"]
[EventType "team-swiss"]
[EventDate "2018.12.26"]

1. e4 e6 2. d4 d5 3. e5 c5 4. Nf3 Nc6 5. c3 Qb6 6. Bd3 Bd7 7. Bc2 cxd4 8. cxd4
Rc8 9. Nc3 Nge7 10. O-O Nf5 11. Bxf5 exf5 12. Nxd5 Qa5 13. Nc3 Be7 14. Re1 O-O
15. Bf4 Qc7 16. d5 Nd8 17. d6 Bxd6 18. exd6 Qb6 19. Nd5 Qxb2 20. Ne7+ Kh8 21.
Nxc8 Ne6 22. Be5 Qb4 23. Ne7 Qg4 24. h3 Qh5 25. Nd4 Qh6 26. Ndxf5 Qg5 27. h4
Qxf5 28. Nxf5 h6 29. Nd4 Nxd4 30. Qxd4 Kg8 31. Bxg7 Rc8 32. Bxh6 f6 33. Qxf6
Rf8 34. Qg7# 1-0